Therapy for eating disorders: theory, research & practice
Gardado en:
| Autor Principal: | |
|---|---|
| Formato: | Libro |
| Idioma: | inglés |
| Publicado: |
Sage
2014
|
| Tags: |
Engadir etiqueta
Sen Etiquetas, Sexa o primeiro en etiquetar este rexistro!
|
MARC
| LEADER | 00000nam a22000007a 4500 | ||
|---|---|---|---|
| 008 | 210122b ||||| |||| 00| 0 eng d | ||
| 020 | |a 978-1-4462-4095-3 | ||
| 100 | |a GILBERT, Sara. | ||
| 245 | |a Therapy for eating disorders: theory, research & practice |c Sara Gilbert |e (Therapy in practice) |g xii, 250p.; ill. | ||
| 250 | |b 3rd ed. | ||
| 260 | |b Sage |c 2014 |h Los Angeles: |i 692824 |i 692825 |l RC552 .E18G38 |m Eating disorders – Patients – Counseling of. |m Eating disorders – Treatment. |m Eating disorders – Therapy. |m Cognitive therapy. | ||
| 500 | |a “It includes references and index.” | ||
| 942 | |a lcc |c BK |e Adeniran, F. A |f 22/01/2021 | ||
| 952 | |0 0 |1 0 |2 lcc |4 0 |6 RC0552 E18 G38 |7 0 |9 1598 |a HOL |b HE |c QZ |d 2021-01-22 |l 0 |o RC552 .E18G38 |p 2021-0386 |r 2021-01-22 00:00:00 |w 2021-01-22 |y BK | ||
| 952 | |0 0 |1 0 |2 lcc |4 0 |6 RC0552 E18 G38 |7 0 |9 1599 |a HOL |b HOL |c QZ |d 2021-01-22 |l 0 |o RC552 .E18G38 |p 2021-0387 |r 2021-01-22 00:00:00 |w 2021-01-22 |y BK | ||
| 999 | |c 845 |d 845 | ||